Eesti Advokatuuri ajalugu

Titel: Eesti Advokatuuri ajalugu : 1919-1994 / Lauri Vahtre
Verfasser:
Veröffentlicht: [Tallinn] : Ilo, 2005
Umfang: 394 S. : Ill.
Format: Buch
Sprache: Estnisch
ISBN: 9985577612 ; 9789985577615
Buchumschlag
X
Lokale Klassifikation: 47 12 M ; 47 1 D
alg: 19034628
001A    $03004:13-09-07 
001B    $01999:03-06-23 $t02:31:03.000 
001C    $06060:20-01-16 $t05:49:30.000 
001D    $03004:22-10-07 
001U    $0utf8 
001X    $00 
002@    $0Aau 
003@    $0190346280 
003O    $0162301242 $aOCoLC 
004A    $09985-57-761-2 $A978-9985-5776-1-5 
007A    $0190346280 $aHEB 
007G    $0DE02088DE5EF92E37F2FEC1257BE30037E0F0 
007T    $0Herdhh190346280 
009P    $qapplication/pdf $A2 $3Inhaltsverzeichnis $uhttp://scans.hebis.de/HEBCGI/show.pl?19034628_toc.pdf $mV:DE-603;B:DE-Mb50 
010@    $aest 
011@    $a2005 
021A    $aEesti Advokatuuri ajalugu $d1919-1994 $hLauri Vahtre 
028A    $#Vachtre, Lauri $#Vakhtre, Lauri $#Vachtre, Lauri S. $71055768335 $8Vahtre, Lauri$Z1960- [Tp3] $9345297954 
033A    $p[Tallinn] $nIlo 
034D    $a394 S. 
034M    $aIll. 
045F    $a340.09 $eDDC23BSB 
045F/01 $a340.09 
045F/03 $g4798 
045G    $a900.94798 $eDDC23BSB 
045G/01 $a900 
045G/03 $g4798 

lok: 19034628 24
101B    $022-10-07 $t10:55:00.000 
101C    $022-10-07 
101U    $0utf8 
145Z/01 $a47 12 M 
145Z/02 $a47 1 D 

exp: 19034628 24 1 #EPN
201B/01 $022-10-07 $t11:03:18.000 
201C/01 $013-09-07 
201U/01 $0utf8 
203@/01 $0508517397 
208@/01 $a22-10-07 $bz 
209A/01 $a07.5150 $du $f050 $h07 5150 $x00 
209C/01 $a07.5150 K $h07 5150 K 
209G/01 $a71959449 $x00 
220C/01 $amar 
247C/01 $8358050-7 Marburg, Bibliothek des Herder-Instituts Marburg $9102600961 

lok: 19034628 78

exp: 19034628 78 1 #EPN
201B/01 $019-04-17 $t21:00:57.000 
201U/01 $0utf8 
203@/01 $0793252636 
208@/01 $a12-11-16 $be 
209A/01 $a/ $f000 $x00 
220C/01 $aTitelaufnehmer: kk 
237A/01 $aweiterführende Signatur(en): Herder-Institut: 07.5150 
244Z/01 $2Trx $#Estija $#Igaunija $#Estland $#Estonia $#Estonia $#Estónsko $#Estonsko $8--Trx--Eesti $x01 $9391237225 
244Z/01 $aGeschichte 1919-1994 $x02 
244Z/01 $2Trx $#õigussüsteem $#teisė $#Law, system of $#jogok $#prawo $#právo $#právo $#Justiz $#Rechtspflege $#justícia $#justice $8--Trx--Rechtswesen $x03 $9391354604 
244Z/01 $2Trx $#juristid $#teisininkai $#jurists $#jogászok $#prawnicy $#právnici $#právníci $#Kanonisten $#Richter $#Rechtsanwälte $#kanoniści $#sędziowie $#adwokaci $#kanonisti $#sudci $#advokáti $#advokáti $8--Trx--Juristen $x04 $9391369474 
244Z/01 $2Trx $8--Trx--Monographie $x05 $9391384546 
245Z/01 $a07.02 $x01 
247C/01 $82080>Marburg/Lahn, Herder-Institut, Forschungsbibliothek, Bibliographieportal $9336309341
LEADER 00000cam a2200000 c 4500
001 190346280
003 DE-603
005 20230603023103.0
007 tu
008 070913s2005 xx |||| | u00||u|est c
020 |a 9985577612 
020 |a 9789985577615 
035 |a (DE-599)HEB190346280 
035 |a (OCoLC)162301242 
040 |a DE-603  |b ger  |c DE-603  |d DE-603 
041 |a est 
082 0 4 |8 1\u  |a 340.09  |q DE-101  |2 23/BSB 
083 0 |8 2\u  |a 900.94798  |q DE-101  |2 23/BSB 
085 |8 1\u  |b 340.09 
085 |8 1\u  |z 2  |s 4798 
085 |8 2\u  |b 900 
085 |8 2\u  |z 2  |s 4798 
100 1 |a Vahtre, Lauri  |d 1960-  |0 (DE-603)345297954  |0 (DE-588)1055768335  |2 gnd 
245 0 0 |a Eesti Advokatuuri ajalugu  |b 1919-1994  |c Lauri Vahtre 
264 1 |a [Tallinn]  |b Ilo  |c 2005 
300 |a 394 S.  |b Ill. 
856 4 2 |m V:DE-603;B:DE-Mb50  |q application/pdf  |u http://scans.hebis.de/HEBCGI/show.pl?19034628_toc.pdf  |3 Inhaltsverzeichnis 
924 0 |9 Mb 50  |a (DE-603)508517397  |b DE-Mb50  |c HES  |d c  |g 07.5150 
924 0 |9 2080  |a (DE-603)793252636  |b DE-2080  |c HES  |d d  |g /